logo

EU efforts on counter-terrorism – Capacity-building in third countries (Record no. 20696)

MARC details
000 -CABECERA
campo de control de longitud fija 00682nam a22001937a 4500
003 - IDENTIFICADOR DEL NÚMERO DE CONTROL
campo de control ES-MaBCA
005 - FECHA Y HORA DE LA ÚLTIMA TRANSACCIÓN
campo de control 20180206092932.0
008 - CÓDIGOS DE INFORMACIÓN DE LONGITUD FIJA
campo de control de longitud fija 120619t xxu||||| |||| 00| 0 eng d
040 ## - FUENTE DE LA CATALOGACIÓN
Centro transcriptor ES-MaBCA
110 ## - PUNTO DE ACCESO PRINCIPAL - NOMBRE DE ENTIDAD CORPORATIVA
9 (RLIN) 2428
Nombre de entidad corporativa o nombre de jurisdicción como elemento inicial Parlamento Europeo
245 ## - MENCIÓN DE TÍTULO
Título EU efforts on counter-terrorism – Capacity-building in third countries
Medio [Recurso electrónico]PDF
260 ## - PUBLICACIÓN, DISTRIBUCIÓN, ETC. (PIE DE IMPRENTA)
Fecha de publicación distribución etc. Diciembre, 2017
300 ## - DESCRIPCIÓN FÍSICA
Extensión Recurso online, 12 p.
Tamaño de la unidad 529 KB
650 #0 - PUNTO DE ACCESO ADICIONAL DE MATERIA--TÉRMINO DE MATERIA
9 (RLIN) 1735
Término de materia o nombre geográfico como elemento inicial Terrorismo
650 #0 - PUNTO DE ACCESO ADICIONAL DE MATERIA--TÉRMINO DE MATERIA
9 (RLIN) 1740
Término de materia o nombre geográfico como elemento inicial Terrorismo
Subdivisión de materia general Movimientos extremistas
650 #0 - PUNTO DE ACCESO ADICIONAL DE MATERIA--TÉRMINO DE MATERIA
9 (RLIN) 912
Término de materia o nombre geográfico como elemento inicial Fuerzas armadas
856 4# - LOCALIZACIÓN Y ACCESO ELECTRÓNICOS
Tipo de formato electrónico PDF
Identificador Uniforme del Recurso (URI) <a href="http://www.europarl.europa.eu/RegData/etudes/BRIE/2017/614644/EPRS_BRI(2017)614644_EN.pdf">http://www.europarl.europa.eu/RegData/etudes/BRIE/2017/614644/EPRS_BRI(2017)614644_EN.pdf</a>
942 ## - ELEMENTOS DE PUNTO DE ACCESO ADICIONAL (KOHA)
Fuente del sistema de clasificación o colocación Universal Decimal Classification
Tipo de ítem Koha Artículos
Holdings
Estado de retiro Estado de pérdida Fuente del sistema de clasificación o colocación Estado dañado No para préstamo Código de colección Localización permanente Ubicación/localización actual Fecha de adquisición Total de préstamos Código de barras Fecha visto por última vez Precio válido a partir de Tipo de ítem Koha
    Universal Decimal Classification     Biblioteca Digital Centro de Análisis y Prospectiva de la Guardia Civil Centro de Análisis y Prospectiva de la Guardia Civil 06/02/2018   2019126 06/02/2018 06/02/2018 Artículos